Loading...
| Current Events | 2 | 5.00 | 50% | 0% | 0% |
| Fine Arts - Classical Music | 7 | 0.00 | 0% | 0% | 0% |
| Fine Arts - Other | 6 | 6.67 | 67% | 0% | 0% |
| Fine Arts - Painting & Sculpture | 2 | 5.00 | 50% | 0% | 0% |
| Geography | 3 | 10.00 | 67% | 33% | 0% |
| History - American | 6 | 11.67 | 83% | 33% | 0% |
| History - European | 5 | 10.00 | 80% | 20% | 0% |
| History - Other | 10 | 7.00 | 50% | 20% | 0% |
| History - World | 7 | 4.29 | 43% | 0% | 0% |
| Literature - American | 2 | 15.00 | 100% | 50% | 0% |
| Literature - British | 5 | 8.00 | 60% | 20% | 0% |
| Literature - European | 5 | 14.00 | 100% | 40% | 0% |
| Literature - World | 4 | 12.50 | 100% | 25% | 0% |
| Mythology | 1 | 10.00 | 100% | 0% | 0% |
| Other Academic | 3 | 6.67 | 67% | 0% | 0% |
| Philosophy | 5 | 4.00 | 40% | 0% | 0% |
| Religion | 3 | 3.33 | 33% | 0% | 0% |
| Science - Biology | 6 | 5.00 | 50% | 0% | 0% |
| Science - Chemistry | 4 | 10.00 | 75% | 25% | 0% |
| Science - Other | 6 | 11.67 | 100% | 17% | 0% |
| Science - Physics | 6 | 5.00 | 33% | 17% | 0% |
| Social Science | 4 | 5.00 | 50% | 0% | 0% |